Catálogo
 En Linea

Sistema de implementación del nuevo proceso penal creado por la Ley No. 76-02 (Registro nro. 58773)

Detalles MARC
000 -CABECERA
campo de control de longitud fija 01202nam a2200289 i 4500
003 - IDENTIFICADOR DEL NÚMERO DE CONTROL
campo de control DO-SdBNP
005 - FECHA Y HORA DE LA ÚLTIMA TRANSACCIÓN
campo de control 20250424095349.0
007 - CAMPO FIJO DE DESCRIPCIÓN FÍSICA--INFORMACIÓN GENERAL
campo de control de longitud fija ta
008 - DATOS DE LONGITUD FIJA--INFORMACIÓN GENERAL
campo de control de longitud fija 220623e2004 dr ||||frlg|| 001 0 spa d
040 ## - FUENTE DE LA CATALOGACIÓN
Centro catalogador/agencia de origen DO-SdBNP
Lengua de catalogación spa
Centro/agencia transcriptor BNPHU
Normas de descripción rda
041 ## - CÓDIGO DE LENGUA
Código de lengua original spa
082 #4 - NÚMERO DE LA CLASIFICACIÓN DECIMAL DEWEY
Número de clasificación xxx
Número de documento/Ítem S562i
Número de edición 22
245 10 - MENCIÓN DE TÍTULO
Título Sistema de implementación del nuevo proceso penal creado por la Ley No. 76-02
246 10 - FORMA VARIANTE DE TÍTULO
Título propio/Titulo breve Ley No. 76-02
264 ## - PRODUCCIÓN, PUBLICACIÓN, DISTRIBUCIÓN, FABRICACIÓN Y COPYRIGHT
Producción, publicación, distribución, fabricación y copyright Santo Domoimgo :
Nombre del de productor, editor, distribuidor, fabricante Editora no identificada,
Fecha de producción, publicación, distribución, fabricación o copyright 2004
300 ## - DESCRIPCIÓN FÍSICA
Extensión 65 páginas. ;
Dimensiones 20 cm.
336 ## - TIPO DE CONTENIDO
Término de tipo de contenido rdacontent
Código de tipo de contenido texto
Fuente txt
337 ## - TIPO DE MEDIO
Nombre/término del tipo de medio rdamedia
Código del tipo de medio sin mediación
Fuente n
338 ## - TIPO DE SOPORTE
Nombre/término del tipo de soporte rdacarrier
Código del tipo de soporte volumen
Fuente nc
500 ## - NOTA GENERAL
Nota general Resolución No. 1920-2003, de la Suprema Corte de Justicia. Resolución No. 14789-2003, de la Procuraduría General de la República. Ley No. 278-04, sobre la implementación del proceso penal. Resolución No. 782-2004 incorporación de los abogados de oficio. Resolución No. 14786-2003
505 0# - NOTA DE CONTENIDO CON FORMATO
Título .
590 ## - NOTA LOCAL (RLIN)
Nota local Inventariado 2025/DG
650 #4 - PUNTO DE ACCESO ADICIONAL DE MATERIA--TÉRMINO DE MATERIA
9 (RLIN) 79530
Término de materia o nombre geográfico como elemento de entrada República Dominicanos
Subdivisión general Ley 76-02 que crea el Sistema de Implementación del Nuevo Proceso Penal
651 #4 - PUNTO DE ACCESO ADICIONAL DE MATERIA--NOMBRE GEOGRÁFICO
9 (RLIN) 64426
Nombre geográfico República Dominicana
Subdivisión general Ley No. 76-02
910 ## - DATOS DE OPCIÓN DEL USUARIO (OCLC)
Datos de opción del usuario DG
942 ## - ELEMENTOS DE PUNTO DE ACCESO ADICIONAL (KOHA)
Fuente del sistema de clasificación o colocación Dewey Decimal Classification
Tipo de ítem Koha Libro
Existencias
Estado de retiro Estado de pérdida Fuente del sistema de clasificación o colocación Restricciones de uso No para préstamo Código de colección Localización permanente Ubicación/localización actual Ubicación en estantería Fecha de adquisición Fuente de adquisición Total de préstamos Signatura topográfica completa Código de barras Fecha visto por última vez Precio válido a partir de Tipo de ítem Koha Nota pública
    Dewey Decimal Classification Excluido de préstamo   Patrimonio Dominicano Biblioteca Nacional Pedro Henríquez Ureña Biblioteca Nacional Pedro Henríquez Ureña En catalogación 24.04.2025 Donado por la Presidencia de la República Dominicana 2023   BNPHU PD S562i 2025-3574 24.04.2025 24.04.2025 Libro Pertenecio a la biblioteca personal de Emilio Cordero Michel

Con tecnología Koha